<?xml version="1.0" encoding="UTF-8"?>
<record
    xmlns:xsi="http://www.w3.org/2001/XMLSchema-instance"
    xsi:schemaLocation="http://www.loc.gov/MARC21/slim http://www.loc.gov/standards/marcxml/schema/MARC21slim.xsd"
    xmlns="http://www.loc.gov/MARC21/slim">

  <leader>01147nam a2200241Ia 4500</leader>
  <controlfield tag="003">IN-BaIIA</controlfield>
  <controlfield tag="008">211028s9999    xx            000 0 eng d</controlfield>
  <datafield tag="020" ind1=" " ind2=" ">
    <subfield code="a">90-277-2114-9</subfield>
  </datafield>
  <datafield tag="040" ind1=" " ind2=" ">
    <subfield code="c">IIA Library</subfield>
  </datafield>
  <datafield tag="080" ind1=" " ind2=" ">
    <subfield code="a">082.2:52</subfield>
    <subfield code="b">IAU-S112</subfield>
  </datafield>
  <datafield tag="111" ind1=" " ind2=" ">
    <subfield code="a">Symposium of the International Astronomical Union on the Search for Extraterrestrial Life, Recent Developmnents</subfield>
    <subfield code="n">112th</subfield>
    <subfield code="c">Boston</subfield>
    <subfield code="d">1984 June 18-21</subfield>
    <subfield code="9">14456</subfield>
  </datafield>
  <datafield tag="245" ind1=" " ind2="4">
    <subfield code="a">The search for extraterrestrial life: recent developmnents</subfield>
    <subfield code="b">proceedings of the 112th Symposium of the international Astronomical Union on the search for extraterrestrial life, recent developmnents held at Boston University, Boston, Mass., U.S.A., June 18&#x2013;21, 1984</subfield>
    <subfield code="c">edited by Michael D Papagiannis                                </subfield>
  </datafield>
  <datafield tag="260" ind1=" " ind2=" ">
    <subfield code="a">Dordrecht</subfield>
    <subfield code="b">D. Reidel Publishing</subfield>
    <subfield code="c">1985</subfield>
  </datafield>
  <datafield tag="300" ind1=" " ind2=" ">
    <subfield code="a">xxv, 579p.</subfield>
  </datafield>
  <datafield tag="650" ind1=" " ind2=" ">
    <subfield code="a">Astrometry</subfield>
  </datafield>
  <datafield tag="650" ind1=" " ind2=" ">
    <subfield code="a">Astronomical photometry</subfield>
  </datafield>
  <datafield tag="650" ind1=" " ind2=" ">
    <subfield code="a">Astronomical techniques</subfield>
    <subfield code="9">1786</subfield>
  </datafield>
  <datafield tag="650" ind1=" " ind2=" ">
    <subfield code="a">Astronomy and Astrophysics thesaurus</subfield>
  </datafield>
  <datafield tag="650" ind1=" " ind2=" ">
    <subfield code="a">Stellar quantities Calibration</subfield>
    <subfield code="9">14457</subfield>
  </datafield>
  <datafield tag="700" ind1=" " ind2=" ">
    <subfield code="a">Papagiannis, Michael D., ed.</subfield>
    <subfield code="9">10697</subfield>
  </datafield>
  <datafield tag="710" ind1=" " ind2=" ">
    <subfield code="a">Boston Univeristy</subfield>
    <subfield code="9">14458</subfield>
  </datafield>
  <datafield tag="942" ind1=" " ind2=" ">
    <subfield code="c">BK</subfield>
  </datafield>
  <datafield tag="999" ind1=" " ind2=" ">
    <subfield code="c">8612</subfield>
    <subfield code="d">8612</subfield>
  </datafield>
  <datafield tag="952" ind1=" " ind2=" ">
    <subfield code="0">0</subfield>
    <subfield code="1">0</subfield>
    <subfield code="4">0</subfield>
    <subfield code="7">0</subfield>
    <subfield code="a">BAN</subfield>
    <subfield code="b">BAN</subfield>
    <subfield code="c">GEN</subfield>
    <subfield code="d">1986-02-13</subfield>
    <subfield code="l">0</subfield>
    <subfield code="o">082.2:52/ IAU-S112</subfield>
    <subfield code="p">9484</subfield>
    <subfield code="r">2021-11-05</subfield>
    <subfield code="w">1986-02-13</subfield>
    <subfield code="y">BK</subfield>
  </datafield>
</record>
